000 01354cam a22003137a 4500
001 12953201
003 GBC
005 20241126110343.0
008 020809s2002 gw b 000 0 eng
010 _a 2002524682
020 _a3631394713 (Frankfurt : pbk.)
020 _a9789380548708
020 _a082045978X (New York : pbk.)
040 _aDLC
_cDLC
050 0 0 _aMLCS 2005/02866 (B)
082 _a266.00954
_bPAC
082 _a266.00954166
_bPAC
100 1 _aPachuau, Lalsangkima.
_9975
245 1 0 _aEthnic identity and Christianity :
_ba socio-historical and missiological study of Christianity in Northeast India with special reference to Mizoram /
_cLalsangkima Pachuau.
260 _aBangalore;
_aFrankfurt am Main ;
_aNew York :
_bPeter Lang,
_bCFCC,
_cc2002.
300 _axi, 205 p. ;
_c21 cm.
490 0 _aStudien zur interkulturellen Geschichte des Christentums,
_x0170-9240 ;
_vv. 129 =
_aStudies in the intercultural history of Christianity ;
_vv. 129.
500 _aThesis (Ph. D.)--Princeton University, Princeton, 1998.
504 _aIncludes bibliographical references (p. [177]-205).
830 0 _aStudien zur interkulturellen Geschichte des Christentums ;
_vBd. 129.
_9976
906 _a7
_bcbc
_corigres
_d4
_encip
_f20
_gy-gencatlg
942 _2ddc
_cBK
_017
999 _c659
_d659